000
00329 a2200157 4500
001
170530
020
_a
040
_c
Magnum
100
_a
-
240
1
0
_a
O pec e a reforma do ensino medio
_l
por
245
1
0
_a
O pec e a reforma do ensino medio
362
0
_a
1899
440
1
_a
Do Brasil
697
_a
ENSINO
942
_c
BK
999
_c
170530
_d
170530